| 000 | 01063nam a2200253 a 4500 | ||
|---|---|---|---|
| 001 | BRCA_6697 | ||
| 005 | 20190320205546.0 | ||
| 008 | 171011s1901----gw-#######---#000-0#eng-# | ||
| 041 | _aeng | ||
| 044 | _agw | ||
| 050 | 4 |
_aPZ3 _b.B75 3 1901 |
|
| 245 | 1 | 0 |
_aThe Aristocrats _bbeing the impressions of the lady Helen Pole during her sojourn in the Great North woods as spontaneously recorded in her letters to her friend in North Britain the countess of Edge and Ross. |
| 260 |
_aLeipzig, Alemania _bBernhard Tauchnitz _c1901 |
||
| 300 |
_a287 p. _c17 cm. |
||
| 440 | 0 |
_aCollection of British authors. Tauchnitz edition _vv. 3514 _916741 |
|
| 500 | _aEstado físico: Primer cuadernillo desprendido, costura floja | ||
| 500 | _aEn la cubierta: Collection of British and American authors | ||
| 500 | _aVer también CEF6, H144, L2, L16, L17, L18, L19, L20, L22, L23, L24, L25, L26, L27, L32, L166, N9, N11, N12, N13 y N17 | ||
| 500 | _aL15 | ||
| 650 | 1 | 4 |
_aLiteratura inglesa _916742 |
| 650 | 1 | 4 |
_aLiteratura americana _916743 |
| 902 | _aGFM | ||
| 942 |
_2lcc _cB |
||
| 999 |
_c6380 _d6380 |
||